Ipswich Town's Highest Goalscorers - Statistics

General Stats
  • This quiz has been taken 713 times
    405 since last reset
  • The average score is 13 of 23
Answer Stats
Goals scored Player Years % Correct
179 John Wark 1975–84, 1988–90, 1991–96
95%
55 Conor Chaplin 2021–25
89%
135 Paul Mariner 1976–84
89%
227 Ray Crawford 1958–63, 1966–69
86%
80 Alan Brazil 1978–83
82%
62 David Johnson 1997–2000
82%
55 Darren Bent 2001–05
78%
67 Daryl Murphy 2010, 2011–12, 2012–13, 2013–16
77%
96 Eric Gates 1973–85
71%
179 Ted Phillips 1954–64
71%
104 Trevor Whymark 1970–79
66%
61 Pablo Couñago 2001–05, 2007–10
64%
55 James Scowcroft 1995–2001, 2005
58%
73 Jason Dozzell 1984–93, 1997
58%
64 Chris Kiwomya 1988–95
54%
56 Simon Milton 1987–98
34%
54 Colin Viljoen 1967–78
33%
56 Bryan Hamilton 1971–75
23%
143 Tom Garneys 1951–58
20%
52 John Elsworthy 1949–64
15%
92 Tommy Parker 1945–56
12%
69 Frank Brogan 1964–70
10%
66 Gerry Baker 1963–67
10%
No matching quizzes found
Score Distribution
Percent of People with Each Score
Percentile by Number Answered
Your Score History
You have not taken this quiz since the last reset